<?xml version="1.0" encoding="UTF-8"?>
<record
    xmlns:xsi="http://www.w3.org/2001/XMLSchema-instance"
    xsi:schemaLocation="http://www.loc.gov/MARC21/slim http://www.loc.gov/standards/marcxml/schema/MARC21slim.xsd"
    xmlns="http://www.loc.gov/MARC21/slim">

  <leader>01389nam0a22003131  4500</leader>
  <controlfield tag="001">rc\2275538</controlfield>
  <controlfield tag="005">20260407134824.0</controlfield>
  <datafield tag="035" ind1=" " ind2=" ">
    <subfield code="a">(NLR Aleph) 006555680</subfield>
  </datafield>
  <datafield tag="090" ind1=" " ind2=" ">
    <subfield code="a">6788898</subfield>
    <subfield code="c">6788898</subfield>
  </datafield>
  <datafield tag="100" ind1=" " ind2=" ">
    <subfield code="a">20110829d1979    |||y0rusy50      ca</subfield>
  </datafield>
  <datafield tag="101" ind1="0" ind2=" ">
    <subfield code="a">rus</subfield>
  </datafield>
  <datafield tag="102" ind1=" " ind2=" ">
    <subfield code="a">RU</subfield>
  </datafield>
  <datafield tag="105" ind1=" " ind2=" ">
    <subfield code="a">y   z   |||||</subfield>
  </datafield>
  <datafield tag="200" ind1="1" ind2=" ">
    <subfield code="a">&#x41C;&#x435;&#x442;&#x43E;&#x434;&#x438;&#x447;&#x435;&#x441;&#x43A;&#x438;&#x435; &#x440;&#x435;&#x43A;&#x43E;&#x43C;&#x435;&#x43D;&#x434;&#x430;&#x446;&#x438;&#x438; &#x43F;&#x43E; &#x440;&#x430;&#x441;&#x447;&#x435;&#x442;&#x443; &#x434;&#x435;&#x444;&#x43E;&#x440;&#x43C;&#x438;&#x440;&#x43E;&#x432;&#x430;&#x43D;&#x43D;&#x43E;&#x441;&#x442;&#x438; &#x438; &#x442;&#x440;&#x435;&#x449;&#x438;&#x43D;&#x43E;&#x441;&#x442;&#x43E;&#x439;&#x43A;&#x43E;&#x441;&#x442;&#x438; &#x441;&#x431;&#x43E;&#x440;&#x43D;&#x43E;-&#x43C;&#x43E;&#x43D;&#x43E;&#x43B;&#x438;&#x442;&#x43D;&#x44B;&#x445; &#x43A;&#x43E;&#x43D;&#x441;&#x442;&#x440;&#x443;&#x43A;&#x446;&#x438;&#x439;</subfield>
    <subfield code="f">&#x41D;&#x418;&#x418; &#x441;&#x442;&#x440;&#x43E;&#x438;&#x442;. &#x43A;&#x43E;&#x43D;&#x441;&#x442;&#x440;&#x443;&#x43A;&#x446;&#x438;&#x439;</subfield>
    <subfield code="g">[&#x421;&#x43E;&#x441;&#x442;. &#x412;.&#x424;. &#x423;&#x441;&#x43C;&#x430;&#x43D;&#x43E;&#x432;&#x44B;&#x43C;, &#x412;.&#x42F;. &#x411;&#x430;&#x447;&#x438;&#x43D;&#x441;&#x43A;&#x438;&#x43C;, &#x410;.&#x411;. &#x413;&#x43E;&#x43B;&#x44B;&#x448;&#x435;&#x432;&#x44B;&#x43C;]</subfield>
  </datafield>
  <datafield tag="210" ind1=" " ind2=" ">
    <subfield code="a">&#x41A;&#x438;&#x435;&#x432;</subfield>
    <subfield code="c">&#x41D;&#x418;&#x418;&#x421;&#x41A;</subfield>
    <subfield code="d">1979</subfield>
  </datafield>
  <datafield tag="215" ind1=" " ind2=" ">
    <subfield code="a">16 &#x441;.</subfield>
    <subfield code="d">20</subfield>
  </datafield>
  <datafield tag="320" ind1=" " ind2=" ">
    <subfield code="a">&#x411;&#x438;&#x431;&#x43B;&#x438;&#x43E;&#x433;&#x440;.: &#x441;. 15</subfield>
  </datafield>
  <datafield tag="606" ind1=" " ind2=" ">
    <subfield code="a">&#x416;&#x435;&#x43B;&#x435;&#x437;&#x43E;&#x431;&#x435;&#x442;&#x43E;&#x43D;&#x43D;&#x44B;&#x435; &#x43A;&#x43E;&#x43D;&#x441;&#x442;&#x440;&#x443;&#x43A;&#x446;&#x438;&#x438;, &#x441;&#x431;&#x43E;&#x440;&#x43D;&#x43E;-&#x43C;&#x43E;&#x43D;&#x43E;&#x43B;&#x438;&#x442;&#x43D;&#x44B;&#x435;</subfield>
    <subfield code="x">&#x414;&#x435;&#x444;&#x43E;&#x440;&#x43C;&#x430;&#x446;&#x438;&#x44F;</subfield>
    <subfield code="x">&#x420;&#x430;&#x441;&#x447;&#x435;&#x442;</subfield>
    <subfield code="2">psbo</subfield>
  </datafield>
  <datafield tag="686" ind1=" " ind2=" ">
    <subfield code="a">&#x41D;536.3-028.04&#x44F;82</subfield>
    <subfield code="2">rubbk</subfield>
  </datafield>
  <datafield tag="702" ind1=" " ind2="1">
    <subfield code="a">&#x411;&#x430;&#x447;&#x438;&#x43D;&#x441;&#x43A;&#x438;&#x439;</subfield>
    <subfield code="b">&#x412;.&#x42F;.</subfield>
    <subfield code="4">220</subfield>
  </datafield>
  <datafield tag="702" ind1=" " ind2="1">
    <subfield code="a">&#x413;&#x43E;&#x43B;&#x44B;&#x448;&#x435;&#x432;</subfield>
    <subfield code="b">&#x410;.&#x411;.</subfield>
    <subfield code="4">220</subfield>
  </datafield>
  <datafield tag="702" ind1=" " ind2="1">
    <subfield code="a">&#x423;&#x441;&#x43C;&#x430;&#x43D;&#x43E;&#x432;</subfield>
    <subfield code="b">&#x412;.&#x424;.</subfield>
    <subfield code="g">&#x412;&#x430;&#x43B;&#x438;&#x430;&#x445;&#x43C;&#x430;&#x442; &#x424;&#x430;&#x439;&#x437;&#x443;&#x43B;&#x43B;&#x430;&#x435;&#x432;&#x438;&#x447;</subfield>
    <subfield code="4">220</subfield>
  </datafield>
  <datafield tag="712" ind1="0" ind2="2">
    <subfield code="a">&#x41D;&#x418;&#x418; &#x441;&#x442;&#x440;&#x43E;&#x438;&#x442;&#x435;&#x43B;&#x44C;&#x43D;&#x44B;&#x445; &#x43A;&#x43E;&#x43D;&#x441;&#x442;&#x440;&#x443;&#x43A;&#x446;&#x438;&#x439;</subfield>
    <subfield code="c">&#x41A;&#x438;&#x435;&#x432;</subfield>
    <subfield code="3">RU\NLR\AUTH\8810002735</subfield>
    <subfield code="9">502697</subfield>
  </datafield>
  <datafield tag="801" ind1=" " ind2="0">
    <subfield code="a">RU</subfield>
    <subfield code="b">NLR</subfield>
    <subfield code="g">psbo</subfield>
  </datafield>
  <datafield tag="801" ind1=" " ind2="1">
    <subfield code="a">RU</subfield>
    <subfield code="b">ELAR</subfield>
    <subfield code="2">rusmarc</subfield>
  </datafield>
  <datafield tag="852" ind1=" " ind2=" ">
    <subfield code="a">NLR</subfield>
    <subfield code="j">80-4/7799</subfield>
  </datafield>
  <datafield tag="899" ind1=" " ind2=" ">
    <subfield code="a">RuMoRGB</subfield>
    <subfield code="j">M 80-5/51</subfield>
  </datafield>
  <datafield tag="942" ind1=" " ind2=" ">
    <subfield code="c">BOOK</subfield>
  </datafield>
  <datafield tag="980" ind1=" " ind2=" ">
    <subfield code="a">NB</subfield>
  </datafield>
  <datafield tag="995" ind1=" " ind2=" ">
    <subfield code="5">2013-10-26</subfield>
    <subfield code="b">NLR01</subfield>
    <subfield code="c">NLR01</subfield>
    <subfield code="e">RF9</subfield>
    <subfield code="f">6555680-10</subfield>
    <subfield code="k">80-4/7799</subfield>
    <subfield code="o">0</subfield>
    <subfield code="r">BOOK</subfield>
    <subfield code="s">8047799_</subfield>
  </datafield>
</record>
